2022-23 UEFA Champions League Results - Statistics

General Stats
  • This quiz has been taken 2,543 times
  • The average score is 25 of 32
Answers on the Map
Answers color-coded by a green-red scale on the quiz's map according to % correct below.
 
Answer Stats
Club % Correct
๐Ÿด๓ ง๓ ข๓ ฅ๓ ฎ๓ ง๓ ฟ Manchester City
99%
๐Ÿ‡ช๐Ÿ‡ธ Real Madrid
99%
๐Ÿ‡ฎ๐Ÿ‡น Inter Milan
98%
๐Ÿ‡ฎ๐Ÿ‡น AC Milan
97%
๐Ÿ‡ฉ๐Ÿ‡ช Bayern Munich
96%
๐Ÿด๓ ง๓ ข๓ ฅ๓ ฎ๓ ง๓ ฟ Liverpool
94%
๐Ÿ‡ช๐Ÿ‡ธ Barcelona
93%
๐Ÿ‡ฉ๐Ÿ‡ช Borussia Dortmund
93%
๐Ÿด๓ ง๓ ข๓ ฅ๓ ฎ๓ ง๓ ฟ Chelsea
92%
๐Ÿ‡ซ๐Ÿ‡ท Paris Saint-Germain
92%
๐Ÿ‡ช๐Ÿ‡ธ Atlรฉtico Madrid
89%
๐Ÿ‡ต๐Ÿ‡น Benfica
88%
๐Ÿ‡ณ๐Ÿ‡ฑ Ajax
87%
๐Ÿ‡ฎ๐Ÿ‡น Napoli
86%
๐Ÿ‡ต๐Ÿ‡น Porto
86%
๐Ÿ‡ฎ๐Ÿ‡น Juventus
85%
๐Ÿด๓ ง๓ ข๓ ฅ๓ ฎ๓ ง๓ ฟ Tottenham Hotspur
82%
๐Ÿ‡ฉ๐Ÿ‡ช RB Leipzig
77%
๐Ÿ‡ต๐Ÿ‡น Sporting CP
75%
๐Ÿ‡ซ๐Ÿ‡ท Marseille
72%
๐Ÿ‡ช๐Ÿ‡ธ Sevilla
72%
๐Ÿด๓ ง๓ ข๓ ณ๓ ฃ๓ ด๓ ฟ Celtic
68%
๐Ÿ‡ฉ๐Ÿ‡ช Bayer 04 Leverkusen
66%
๐Ÿ‡ง๐Ÿ‡ช Club Brugge
66%
๐Ÿด๓ ง๓ ข๓ ณ๓ ฃ๓ ด๓ ฟ Rangers
61%
๐Ÿ‡บ๐Ÿ‡ฆ Shakhtar Donetsk
59%
๐Ÿ‡ฉ๐Ÿ‡ฐ Copenhagen
56%
๐Ÿ‡ฆ๐Ÿ‡น Red Bull Salzburg
56%
๐Ÿ‡ฉ๐Ÿ‡ช Eintracht Frankfurt
52%
๐Ÿ‡ฎ๐Ÿ‡ฑ Maccabi Haifa
45%
๐Ÿ‡จ๐Ÿ‡ฟ Viktoria Plzeลˆ
42%
๐Ÿ‡ญ๐Ÿ‡ท Dinamo Zagreb
40%
No matching quizzes found
Score Distribution
Percent of People with Each Score
Percentile by Number Answered
Your Score History
You have not taken this quiz